000 00390nam a2200145Ia 4500
008 210210b1998 xxu||||| |||| 00| 0 eng d
020 _a81 7014 058 7
082 _a425 PALE
100 _aPAL (Rajendra) & SURI (Prem Lata).
245 _aEnglish grammar and composition.
260 _aND
_bSultan Chand & Sons
_c1998
300 _apw22, 55
690 _aEnglish Grammar
906 _a053433
999 _c101719
_d101719